Institucionalización del reféndum en México / (Record no. 123660)

MARC details
000 -LEADER
fixed length control field 00817nam a22002297a 4500
005 - DATE AND TIME OF LATEST TRANSACTION
control field 20161216095932.0
008 - FIXED-LENGTH DATA ELEMENTS--GENERAL INFORMATION
fixed length control field 161216b2012 mx ||||| |||| 001 0dspa d
020 ## - INTERNATIONAL STANDARD BOOK NUMBER
International Standard Book Number 9786074015461
050 04 - LIBRARY OF CONGRESS CALL NUMBER
Classification number KGF3051
Item number P67 2012
100 1# - MAIN ENTRY--PERSONAL NAME
Personal name Portillo Figueroa, Edgar Ulises,
Relator term autor
245 10 - TITLE STATEMENT
Title Institucionalización del reféndum en México /
Statement of responsibility, etc Edgar Ulises Portillo Figueroa.
250 ## - EDITION STATEMENT
Edition statement Primera edición
260 ## - PUBLICATION, DISTRIBUTION, ETC. (IMPRINT)
Place of publication, distribution, etc México :
Name of publisher, distributor, etc Universidad Autónoma del Estado de México,
Date of publication, distribution, etc c2012
300 ## - PHYSICAL DESCRIPTION
Extent 122 páginas ;
Dimensions 21 cm.
490 #0 - SERIES STATEMENT
Series statement Miguel Ángel Porrúa : Las Ciencias Sociales
504 ## - BIBLIOGRAPHY, ETC. NOTE
Bibliography, etc Bibliografía : p. 121-123
504 ## - BIBLIOGRAPHY, ETC. NOTE
Bibliography, etc Incluye índice
650 #7 - SUBJECT ADDED ENTRY--TOPICAL TERM
Source of heading or term lemb
Topical term or geographic name as entry element Ciencia política
Geographic subdivision México
650 #7 - SUBJECT ADDED ENTRY--TOPICAL TERM
Source of heading or term lemb
Topical term or geographic name as entry element Derecho constitucional
Geographic subdivision México
651 #7 - SUBJECT ADDED ENTRY--GEOGRAPHIC NAME
Source of heading or term lemb
Geographic name México
General subdivision Referéndum
942 ## - ADDED ENTRY ELEMENTS (KOHA)
Source of classification or shelving scheme Biblioteca del Cogreso de los Estados Unidos
Koha item type Libro
Holdings
Estado de pérdida Fuente de clasificación Estado del daño No para préstamo Ubicación permanente Ubicación actual Apartado o colección Fecha de adquisición Fuente de adquisición Edición Enumeración de Serie / Cronológica Dependencia de educación superior (DES) Área del conocimiento Clasificación Código de Barras Date last seen Número de copia Tipo de recurso
  Biblioteca del Cogreso de los Estados Unidos     Biblioteca de la Facultad de Derecho y Ciencias Sociales "Felipe J. Tena" Biblioteca de la Facultad de Derecho y Ciencias Sociales "Felipe J. Tena" General 16/12/2016 Donación 1a ed. BFD000008337 Derecho Ciencias Sociales y Administrativas KGF3051 P67 2012 BFD000008337 16/12/2016 1 Libro
  Biblioteca del Cogreso de los Estados Unidos     Biblioteca de la Unidad de Ciencias Ingeniería y Humanidades Biblioteca de la Unidad de Ciencias Ingeniería y Humanidades Colección "Miguel Ángel Porrúa" 25/09/2017 Donación 1a ed.     Ciencias Sociales y Administrativas KGF3051 P67 2012 BCU000001125 25/09/2017 C:1 Libro